000 01465nam a2200373 a 4500
003 BLK
005 20250329160042.0
008 180408b bul|||||r ||||||| ||bul||
010 _aKNG00078215000
020 _a978-954-405-093-1
040 _aBLK
041 _aBUL
_cBUL
080 _aКларинет. Етюди, гами, учебна литература
_b788.6.087.5
_z788.6.087.5
100 1 _aДимитров, Сава Димитров
_eпърви автор
_9296582
139 _aДимитров, Сава Димитров
_bД 58
245 1 0 _aБългарската кларинетна школа
_bХарактеристика, методи на обучение, интерпретаторски подход
_cСава Димитров Димитров.
257 _aBGR
260 _bМузика
_c2007
_aСофия
300 _a184 с.
_bс ноти
_c24 см
380 _a7
500 _aОфс. изд. - Библиогр. с. 176-183 ; Рез. на англ. ез.
504 _a176-183
650 0 _aДухови музикални инструменти
_9275013
653 _aкларинети
653 _aдухови инструменти
653 _aтехника на свиренето
852 _aЦб 236068
_bЦб
856 4 _qpdf
856 4 _qpdf
942 _cKNG
_n0
_01
944 _aCR
_c15.10.2007
_k30560
_lГеновева Генчева
944 _aED
_c21.08.2023
_kир
999 _c73820
_d73820
999 _d73820